LEADER 01109nam a2200241 u 4500 001 000000035748 003 CaOOAMICUS 005 20070226112624.0 008 980304s1936 fr u000 u fre u 035 $a10785398 040 $aPUL(R)$bita 100 1 $aCazelles, Henri,$cP.S.S.,$d1912-2009.$0(OLS)http://pul/name/25466 245 10$aEglise et etat en Allemagne de Weimar aux premières annéees du IIIe Reich /$cpar Henri Cazelles. 260 $aParis :$bRousseau,$c1936. 300 $a283 p. ;$c23 cm 504 $aBibliografia a piè pagina. 650 4$aChiesa e stato$zGermania.$0(OLS)http://pul/subject/6789 850 $aPUL 852 $aPUL$W1$xDP2 Diritto Canonico 1$y64$m165 A 20$j48941$nBK-PRI$qStampati$B48941$CPULBib$Z2$F48941 $82 941 1 $a8 961 $aPrecedente collocazione: Bibliotheca Pontificium Institutum Utriusque Iuris 21 F 45.Timbro: P. Athenaeum Seminarii Romani - Bibliotheca. 996 $6245$aEglise et etat en Allemagne de Weimar aux premières annéees du IIIe Reich$9(OLS)http://pul/title/49061 996 $6260$aParis :$bRousseau$9(OLS)http://pul/publisher/62622 LEADER 01590nam a2200361 a 4500 001 000000149353 003 CaOOAMICUS 005 20160212094158.0 008 160212s2015 it u000 u ita r 020 $a978-88-548-8786-2* 032 $aLibriCat 040 $aPUL$bita 041 1 $aita$hspa 082 04$a262.9 100 0 $aFrancisco de Vitoria,$cO.P.,$d1486-1546.$0(OLS)http://pul/name/1533 240 10$aRelectio de matrimonio.$lItaliano.$0(OLS)http://pul/title/188293 245 10$aSul matrimonio / $cFrancisco de Vitoria ; introduzione, traduzione e commento di Mauro Mantovani. 260 $aRoma :$bAracne,$c©2015. 300 $a117 p. ;$c24 cm. 490 1 $aLex gratiae. Il diritto nella Chiesa ;$v03 504 $aBibliografia p. 107-117. 650 4$aMatrimonio (diritto canonico)$xImpedimenti.$0(OLS)http://pul/subject/40974 650 4$aMatrimonio (diritto canonico)$xStoria.$0(OLS)http://pul/subject/7868 700 1 $aMantovani, Mauro,$cS.D.B.,$d1966-$0(OLS)http://pul/name/34820 830 0$aLex gratiae. Il diritto nella Chiesa ;$v03.$0(OLS)http://pul/title/179498 850 $aPUL 852 $aPUL$W1$xSL Diritto Canonico 3$y77$m262. 9 DEVFR 1$j172005$qDDC 21$B173596$CPULBib$Z2$F173596 $H127098 $81 941 1 $a9 996 $6020$a978-88-548-8786-2*$9(OLS)http://pul/number/159662 996 $6082$a262.9$9(OLS)http://pul/classification/369 996 $6245$aSul matrimonio / $9(OLS)http://pul/title/188294 996 $6260$aRoma :$bAracne$9(OLS)http://pul/publisher/62189